| 000 | 01738nam0a2200385 4500 | ||
|---|---|---|---|
| 001 | RU\NLR\BIBL_A\022671680 | ||
| 005 | 20260206103333.0 | ||
| 010 |
_a978-5-17-169794-5 _94000 |
||
| 021 |
_aRU _bКН-П-25-061789 _9КН-П-25-5972 |
||
| 035 | _a(NLR Aleph) 022671680 | ||
| 090 |
_a13498342 _c13498342 |
||
| 100 | _a20251124d2025 u y0rusy50 ca | ||
| 101 | 0 | _arus | |
| 102 | _aRU | ||
| 105 | _aac z 000yy | ||
| 181 | 0 |
_ai _baxxe |
|
| 182 | 0 | _an | |
| 200 | 1 |
_aКак чувствовать современный театр _fГеоргий Цицишвили |
|
| 203 |
_aТекст _bвизуальный _cнепосредственный |
||
| 210 |
_aМосква _cАСТ, ОГИЗ _d2025 |
||
| 215 |
_a221, [1] с., [16] л. ил., цв. ил., портр. _cил. _d22 |
||
| 225 | 1 | _aКультурная матрица | |
| 300 | _aНа тит. с. и пер.: Театральная вешалка | ||
| 320 | _aБиблиогр. в подстроч. примеч. | ||
| 333 | _a16+ | ||
| 606 | 1 |
_aДраматический театр русский _z21 в. _92626394 _3RU\NLR\AUTH\661562954 |
|
| 686 | 1 | _aЩ334.3(2Р=Рус)8 | |
| 700 | 1 |
_aЦицишвили _bГ. Т. _gГеоргий Теймуразович |
|
| 856 | 4 |
_lVNP_SKP _tVIEW _uhttps://webservices.nlr.ru/viewer/file?name=a022671680_002.txt _yАннотация |
|
| 856 | 4 | 1 |
_lVNP_SKP _tVIEW _uhttps://webservices.nlr.ru/viewer/file?name=t022671680_001.jpeg _yОбложка |
| 942 | _cBOOK | ||
| 980 | 4 | _aVNP_SKP | |
| 980 | _aNB | ||